| 000 | 00462pab a2200169 454500 | ||
|---|---|---|---|
| 008 | 180718b2000 xxu||||| |||| 00| 0 eng d | ||
| 100 | _aCoclanis, Peter A. | ||
| 245 | _aGlobalization in Southeast Asia | ||
| 260 | _c2000 | ||
| 300 | _ap.49-64 | ||
| 362 | _aJul | ||
| 650 | _aGlobalization - Southeast Asia | ||
| 650 | _aGlobalization | ||
| 700 | _aDoshi, Tilak | ||
| 773 | _aAnnals of the American Academy of Political and Social Science | ||
| 909 | _a46118 | ||
| 999 |
_c46118 _d46118 |
||